000 00339nam a22001337a 4500
082 _aP-326
100 _aShahid Mehmood
_948060
245 _aFerrocement Water Tank Design, Performance and Practical Applications
260 _aRisalpur Cantt
_bMCE
300 _aP-40
526 _a0
_b0
_c0
_dP_326
650 _aProject
942 _2ddc
_cBK
999 _c551130
_d551130